| 000 | 00920nam a2200229Ia 4500 | ||
|---|---|---|---|
| 003 | Ost | ||
| 005 | 20260507075116.0 | ||
| 008 | 260507s9999||||xx |||||||||||||| ||und|| | ||
| 020 | _a3126337977 | ||
| 040 | _cfsecg | ||
| 041 | _aara | ||
| 082 | _a658.4056 | ||
| 100 |
_aاصلاح، علا أحمد _eمؤلف |
||
| 245 | 0 |
_aإدارة الأزمات / _c علا أحمد اصلاح |
|
| 250 | _aطبعة 2 | ||
| 260 |
_aالقاهرة: _bمركز الخبرات المهنية للإدارة بميك, _c2004 |
||
| 300 |
_a379 صفحة؛ _bإيضاحات ؛ _c24 سم |
||
| 490 |
_aسلسلة إصدارات بميك _v37 |
||
| 520 | _aأساسيات إدارة الأزمات- تشخيص أزمة- أنواع الأزمات غموضها ومزاياها- دراسات حالة الأشكال التسعة للأزمات- إتصالات الأزمة | ||
| 653 | _aإدارة الأزمات | ||
| 942 | _cكتاب | ||
| 999 |
_c43017 _d43017 |
||